Najczęściej odwiedzane państwa przez użytkowników JetPunk Polska - Statystyki

Ogólne statystyki
  • Ten quiz został rozwiązany 101 razy
    72 od ostatniego zresetowania
  • Średni wynik to 12 z 14
Statystyki odpowiedzi
Ilość odwiedzin Państwo % Poprawnych
29 Niemcy
98%
14 Hiszpania
95%
12 Francja
92%
15 Włochy
91%
30 Czechy
88%
28 Słowacja
88%
14 Chorwacja
86%
11 Grecja
85%
12 Wielka Brytania
85%
10 Turcja
80%
18 Austria
75%
11 Litwa
74%
17 Węgry
74%
11 Słowenia
49%
Nie znaleziono quizów pasujących do podanych kryteriów
Rozkład punktacji
Procent ludzi z każdym wynikiem
Percentyl według liczby udzielonych odpowiedzi
Twoja historia wyników
Nie rozwiązałeś tego quizu od ostatniego zresetowania